Central Library || Chittagong University

Wave generation and shaping. (Record no. 110768)

MARC details
000 -LEADER
fixed length control field 00472nam a22001817a 4500
003 - CONTROL NUMBER IDENTIFIER
control field BD-ChCU
005 - DATE AND TIME OF LATEST TRANSACTION
control field 20260107102102.0
008 - FIXED-LENGTH DATA ELEMENTS--GENERAL INFORMATION
fixed length control field 260107b bg ||||| |||| 00| 0 ben d
040 ## - CATALOGING SOURCE
Transcribing agency BD-ChCU
082 ## - DEWEY DECIMAL CLASSIFICATION NUMBER
Classification number 537.12 STW
100 ## - MAIN ENTRY--PERSONAL NAME
Personal name Strauss, Leonard.
9 (RLIN) 18732
245 ## - TITLE STATEMENT
Title Wave generation and shaping.
Statement of responsibility, etc. Leonard Strauss.
250 ## - EDITION STATEMENT
Edition statement 2nd ed.
260 ## - PUBLICATION, DISTRIBUTION, ETC.
Place of publication, distribution, etc. New York
Name of publisher, distributor, etc. McGraw-Hill
Date of publication, distribution, etc. 1970
300 ## - PHYSICAL DESCRIPTION
Extent xxii, 775p
650 #0 - SUBJECT ADDED ENTRY--TOPICAL TERM
Topical term or geographic name entry element Electricity.
9 (RLIN) 18734
942 ## - ADDED ENTRY ELEMENTS (KOHA)
Source of classification or shelving scheme Dewey Decimal Classification
Koha item type Books
Suppress in OPAC No
Holdings
Withdrawn status Lost status Source of classification or shelving scheme Damaged status Not for loan Home library Current library Shelving location Date acquired Source of acquisition Total Checkouts Full call number Barcode Date last seen Copy number Price effective from Koha item type
    Dewey Decimal Classification     Chittagong University Library Chittagong University Library Science Reading Room 01/07/2026 Purchase   537.12 STW 49657 01/07/2026 C-1 01/07/2026 Books
    Dewey Decimal Classification     Chittagong University Library Chittagong University Library Science Reading Room 01/07/2026 Purchase   537.12 STW 49658 01/07/2026 C-2 01/07/2026 Books
    Dewey Decimal Classification     Chittagong University Library Chittagong University Library Science Reading Room 01/07/2026 Purchase   537.12 STW 49659 01/07/2026 C-3 01/07/2026 Books
    Dewey Decimal Classification     Chittagong University Library Chittagong University Library Science Reading Room 01/07/2026 Purchase   537.12 STW 49712 01/07/2026 C-4 01/07/2026 Books
© Copyright 2025. Chittagong University Library, Installation and Maintenance by Prof. Dr. Md. Alamgir, 01711306253